| 000 | 00396 a2200133 4500 | ||
|---|---|---|---|
| 001 | 90984 | ||
| 082 | _aPR 1790 | ||
| 090 |
_c43126 _d43126 |
||
| 100 | _aMuhammad Imran Manzoor; Prof Shahid Baqar and Mudassir Iqbal (Advisor) | ||
| 245 |
_aLow Cost Speed Detection and Warning System For PAF _n76th 'B' EC |
||
| 260 |
_aRawalpindi _bNUST _c2014 |
||
| 300 | _axi;99p | ||
| 500 | _aBE Project Reports | ||
| 942 |
_aCAE NUST _kPR 1790 |
||
| 999 |
_c326057 _d326057 |
||